000 00327nam a2200121 a 4500
001 000039838
005 20201002033749.0
008 130724s1988 cu 000 0 spa d
040 _aDO-SdBNP
_bspa
_cBNPHU
245 0 0 _aEl Periodista /.
260 _aLa Habana, Cuba :
_bPablo de la Torriente,
_c1988.
300 _a284 p. ;
_c19 cm.
999 _c39328
_d39328